000 00392nam a2200193Ia 4500
003 IT-RoPAU
008 120407s9999 xx 000 0 und d
040 _aIT-RoPAU
040 _cIT-RoPAU
041 _aita
100 _aGiuseppe Di Corrado
245 _aIl Cooperatore Paolino
250 _aRoma
260 _c1984
300 _c cm
490 _v1
942 _cBK
999 _c23785
_d23785